[Event "North American op 31st"]
[Site "Las Vegas"]
[Date "2021.12.26"]
[Round "2"]
[White "Ruiz Castillo, Joshua Daniel"]
[Black "Chen, Forest"]
[Result "1/2-1/2"]
[WhiteElo "2480"]
[BlackElo "2242"]
[PlyCount "33"]
[EventDate "2021.12.26"]
[EventType "swiss"]
[EventRounds "9"]
[EventCountry "USA"]
[SourceTitle "CBM 205 Extra"]
[Source "ChessBase"]
[SourceDate "2022.01.31"]
[SourceVersion "1"]
[SourceVersionDate "2022.01.31"]
[SourceQuality "1"]

1. Nf3 Nf6 2. g3 d5 3. Bg2 c6 4. c4 dxc4 5. 0-0 Nbd7 6. a4 a5 7. Na3 Nb6 8. Qc2 Be6 9. Ng5 Qd7 10. Rb1 Nfd5 11. Nxe6 Qxe6 12. Bxd5 Nxd5 13. Qxc4 Qh3 14. e4 Nf6 15. Qe2 e5 16. Qf3 Ng4 17. Qh1 1/2-1/2

[Event "Titled Tuesday intern op 10th Aug"]
[Site "Chess.com INT"]
[Date "2021.08.10"]
[Round "6"]
[White "Chen, Forest"]
[Black "Ivanisevic, Ivan"]
[Result "0-1"]
[WhiteElo "2242"]
[BlackElo "2585"]
[PlyCount "60"]
[EventDate "2021.08.10"]
[EventType "swiss (blitz)"]
[EventRounds "11"]
[EventCountry "USA"]
[SourceTitle "CBM 203 Extra"]
[Source "ChessBase"]
[SourceDate "2021.09.30"]
[SourceVersion "1"]
[SourceVersionDate "2021.09.30"]
[SourceQuality "1"]

1. d4 Nf6 2. c4 e6 3. Nf3 d5 4. g3 Bb4+ 5. Bd2 Be7 6. Bg2 0-0 7. 0-0 Nbd7 8. Qc2 Ne4 9. Bf4 c6 10. Nc3 g5 11. Be3 Nd6 12. cxd5 exd5 13. Rab1 a5 14. b3 f5 15. Ne5 f4 16. Bc1 Nxe5 17. dxe5 Bf5 18. Qb2 Ne4 19. Ra1 Bc5 20. Nxe4 dxe4 21. gxf4 Bd4 22. Qb1 e3 23. Be4 Bxe4 24. Qxe4 exf2+ 25. Kg2 Bxa1 26. fxg5 Qd5 27. Qxd5+ cxd5 28. Ba3 Bxe5 29. Bxf8 Rxf8 30. h4 Kg7 0-1

[Event "Titled Tuesday intern op 10th Aug"]
[Site "Chess.com INT"]
[Date "2021.08.10"]
[Round "5"]
[White "Chen, Forest"]
[Black "Ivanov, Oleg"]
[Result "1/2-1/2"]
[WhiteElo "2242"]
[BlackElo "2458"]
[PlyCount "173"]
[EventDate "2021.08.10"]
[EventType "swiss (blitz)"]
[EventRounds "11"]
[EventCountry "USA"]
[SourceTitle "CBM 203 Extra"]
[Source "ChessBase"]
[SourceDate "2021.09.30"]
[SourceVersion "1"]
[SourceVersionDate "2021.09.30"]
[SourceQuality "1"]

1. d4 c5 2. d5 e5 3. c4 d6 4. Nc3 Be7 5. Nf3 a6 6. e4 Bg4 7. Be2 Bxf3 8. Bxf3 Bg5 9. 0-0 Bxc1 10. Qxc1 Nf6 11. Rb1 Nbd7 12. g3 h5 13. h4 Rb8 14. Bg2 b5 15. cxb5 axb5 16. b4 0-0 17. bxc5 b4 18. c6 bxc3 19. cxd7 Rxb1 20. Qxb1 Qxd7 21. Rc1 Rc8 22. Bf3 Qc7 23. Qd3 c2 24. Kg2 g6 25. a4 Kg7 26. a5 Qxa5 27. Rxc2 Rxc2 28. Qxc2 Qa3 29. Qd2 Nd7 30. Qg5 Nf6 31. Qd2 Qa4 32. Qe3 Qb4 33. Qd3 Nd7 34. Qe3 Nc5 35. Qe2 Qd4 36. Kh2 Qd3 37. Qxd3 Nxd3 38. Kg2 Nc5 39. Kf1 Nb3 40. Bd1 Nd4 41. Ba4 Kh6 42. Kg2 g5 43. hxg5+ Kxg5 44. f3 h4 45. Be8 hxg3 46. Kxg3 f6 47. Bd7 Ne2+ 48. Kf2 Nf4 49. Kg3 Ng6 50. Bf5 Nf4 51. Bd7 Nd3 52. Be6 Nc5 53. Bc8 Nb3 54. Bd7 Nd4 55. Bc8 Nc2 56. Bd7 Na3 57. Bc8 Nc4 58. Bd7 Nd2 59. Bc8 Nb1 60. Bd7 Na3 61. Bc8 Nc2 62. Bd7 Nd4 63. Bc8 f5 64. Bd7 fxe4 65. fxe4 Ne2+ 66. Kf3 Nf4 67. Kg3 Ng6 68. Kf3 Nf4 69. Kg3 Nh5+ 70. Kf3 Kh4 71. Bc6 Nf6 72. Bb7 Nh7 73. Bc8 Ng5+ 74. Ke3 Kg3 75. Bf5 Nf7 76. Bg6 Nh6 77. Bh7 Ng4+ 78. Kd3 Kf4 79. Kc4 Nf6 80. Bg6 Nxe4 81. Kb5 Nc3+ 82. Kc6 e4 83. Kxd6 e3 84. Bd3 Kf3 85. Kc5 Nxd5 86. Kxd5 e2 87. Bxe2+ 1/2-1/2

[Event "Titled Tuesday intern op 04th May"]
[Site "Chess.com INT"]
[Date "2021.05.04"]
[Round "2"]
[White "Chen, Forest"]
[Black "Leitao, Rafael Duailibe"]
[Result "1/2-1/2"]
[WhiteElo "2235"]
[BlackElo "2592"]
[PlyCount "52"]
[EventDate "2021.05.04"]
[EventType "swiss (blitz)"]
[EventRounds "11"]
[EventCountry "USA"]
[SourceTitle "CBM 202 Extra"]
[Source "ChessBase"]
[SourceDate "2021.07.31"]
[SourceVersion "1"]
[SourceVersionDate "2021.07.31"]
[SourceQuality "1"]

1. d4 Nf6 2. c4 g6 3. Nc3 Bg7 4. e4 d6 5. Nf3 0-0 6. Be2 e5 7. 0-0 exd4 8. Nxd4 Re8 9. f3 c6 10. Kh1 d5 11. cxd5 cxd5 12. Bb5 Bd7 13. exd5 Bxb5 14. Ndxb5 a6 15. Na3 Nbd7 16. Bf4 Nb6 17. Qb3 Nh5 18. Bd2 Qh4 19. Ne4 Be5 20. f4 Bd4 21. Ng5 Re3 22. Bxe3 Ng3+ 23. Kg1 Ne2+ 24. Kh1 Ng3+ 25. Kg1 Ne2+ 26. Kh1 Ng3+ 1/2-1/2

[Event "World op 46th"]
[Site "Philadelphia"]
[Date "2018.07.06"]
[Round "5"]
[White "Niemann, Hans Moke"]
[Black "Chen, Forest"]
[Result "1-0"]
[WhiteElo "2313"]
[BlackElo "2107"]
[PlyCount "111"]
[EventDate "2018.07.04"]
[EventType "swiss"]
[EventRounds "9"]
[EventCountry "USA"]
[SourceTitle "CBM 185 Extra"]
[Source "ChessBase"]
[SourceDate "2018.07.29"]
[SourceVersion "1"]
[SourceVersionDate "2018.07.29"]
[SourceQuality "1"]

1. e4 c6 2. Nc3 d5 3. d4 dxe4 4. Nxe4 Bf5 5. Ng3 Bg6 6. h4 h6 7. Nh3 Nf6 8. Nf4 Bh7 9. Bc4 e6 10. Be3 Nd5 11. Qd2 Nd7 12. Bd3 Bxd3 13. Nxd3 Qc7 14. Ne4 0-0-0 15. 0-0-0 Be7 16. f4 N7f6 17. Nxf6 Bxf6 18. c3 h5 19. Bf2 Ne7 20. g3 Nf5 21. Qc2 Rd5 22. Kb1 g6 23. Rc1 Rhd8 24. Rhd1 Kb8 25. Nc5 Be7 26. Nb3 Bf6 27. Qe2 Qe7 28. Re1 Qc7 29. Qc4 Qb6 30. Qa4 Qb5 31. Qxb5 cxb5 32. a3 b6 33. Kc2 Kb7 34. Kd3 R5d7 35. Ra1 Nh6 36. a4 Ng4 37. Bg1 bxa4 38. Rxa4 e5 39. Rea1 a5 40. fxe5 Bxe5 41. Nd2 Bxg3 42. b4 Ne5+ 43. Kc2 Nc6 44. bxa5 bxa5 45. Nb3 Rd6 46. Nc5+ Kc8 47. Ne4 Bxh4 48. Nxd6+ Rxd6 49. d5 g5 50. dxc6 Rxc6 51. Rxa5 Kd7 52. Ra7+ Ke6 53. R7a6 Rxa6 54. Rxa6+ Kd5 55. Kd3 f5 56. Bd4 1-0

[Event "PRO League KO Stage"]
[Site "Chess.com INT"]
[Date "2018.03.21"]
[Round "2"]
[White "Chen, Forest"]
[Black "Flores Rios, Mauricio"]
[Result "0-1"]
[WhiteElo "2107"]
[BlackElo "2529"]
[PlyCount "119"]
[EventDate "2018.03.13"]
[EventType "team-k.o. (rapid)"]
[EventRounds "4"]
[EventCountry "USA"]
[SourceTitle "CBM 183 Extra"]
[Source "ChessBase"]
[SourceDate "2018.04.19"]
[SourceVersion "1"]
[SourceVersionDate "2018.04.19"]
[SourceQuality "1"]
[WhiteTeam "Saint Louis Arch Bishops"]
[BlackTeam "Minnesota Blizzard"]
[WhiteTeamCountry "USA"]
[BlackTeamCountry "USA"]

1. d4 d6 2. c4 e5 3. Nf3 e4 4. Ng5 f5 5. g3 Be7 6. h4 Nf6 7. Bg2 0-0 8. 0-0 h6 9. Nh3 Be6 10. b3 Bf7 11. Nc3 c5 12. d5 Nbd7 13. Qc2 a6 14. a4 Ne5 15. Bb2 Nfg4 16. Qd2 Qb6 17. Ra3 Rae8 18. Nd1 Qd8 19. Ra2 Kh7 20. f3 Nf6 21. Ne3 Qd7 22. Qc2 Nh5 23. Kh2 exf3 24. Bxf3 Nxf3+ 25. exf3 Bg6 26. Qd2 f4 27. Nxf4 Nxf4 28. gxf4 Rxf4 29. Ng2 Rf7 30. Ba1 Ref8 31. Qe3 Qf5 32. Raf2 Qh5 33. f4 Bxh4 34. Nxh4 Qxh4+ 35. Kg2 b5 36. axb5 axb5 37. Qh3 Qe7 38. Qg3 Qe4+ 39. Kh2 Rf5 40. Rg2 Rh5+ 41. Kg1 Qf5 42. Qg4 Rf7 43. Qxf5 Bxf5 44. Re1 Rh3 45. cxb5 Rxb3 46. Kh2 Rxb5 47. Reg1 Rbb7 48. Bc3 Be4 49. Rd2 Rxf4 50. Re2 g5 51. Bd2 Rh4+ 52. Kg3 Rf7 53. Re3 Bxd5 54. Rd3 Be4 55. Ra3 Kg6 56. Re1 h5 57. Ra4 Rg4+ 58. Kh2 Rf2+ 59. Kh3 Bg2+ 60. Kh2 0-1

[Event "PRO League KO Stage"]
[Site "Chess.com INT"]
[Date "2018.03.21"]
[Round "2"]
[White "Gurevich, Daniel"]
[Black "Chen, Forest"]
[Result "1-0"]
[WhiteElo "2471"]
[BlackElo "2107"]
[PlyCount "49"]
[EventDate "2018.03.13"]
[EventType "team-k.o. (rapid)"]
[EventRounds "4"]
[EventCountry "USA"]
[SourceTitle "CBM 183 Extra"]
[Source "ChessBase"]
[SourceDate "2018.04.19"]
[SourceVersion "1"]
[SourceVersionDate "2018.04.19"]
[SourceQuality "1"]
[WhiteTeam "Minnesota Blizzard"]
[BlackTeam "Saint Louis Arch Bishops"]
[WhiteTeamCountry "USA"]
[BlackTeamCountry "USA"]

1. e4 c6 2. d4 d5 3. e5 Bf5 4. h4 h5 5. Bd3 Bxd3 6. Qxd3 e6 7. Bg5 Qb6 8. Nd2 Ne7 9. Ne2 Nf5 10. 0-0 Nd7 11. c4 Be7 12. cxd5 cxd5 13. Bxe7 Nxe7 14. Nf3 Nf5 15. Rac1 0-0 16. Ng3 g6 17. Nxf5 exf5 18. Rc3 Nb8 19. Qe3 Kg7 20. e6 f6 21. Qf4 Nc6 22. Rb3 Qd8 23. Rxb7+ Ne7 24. Rd7 Qe8 25. Qd6 1-0

[Event "PRO League KO Stage"]
[Site "Chess.com INT"]
[Date "2018.03.21"]
[Round "2"]
[White "Tang, Andrew"]
[Black "Chen, Forest"]
[Result "0-1"]
[WhiteElo "2509"]
[BlackElo "2107"]
[PlyCount "132"]
[EventDate "2018.03.13"]
[EventType "team-k.o. (rapid)"]
[EventRounds "4"]
[EventCountry "USA"]
[SourceTitle "CBM 183 Extra"]
[Source "ChessBase"]
[SourceDate "2018.04.19"]
[SourceVersion "1"]
[SourceVersionDate "2018.04.19"]
[SourceQuality "1"]
[WhiteTeam "Minnesota Blizzard"]
[BlackTeam "Saint Louis Arch Bishops"]
[WhiteTeamCountry "USA"]
[BlackTeamCountry "USA"]

1. d4 d5 2. Bf4 c5 3. e3 Nf6 4. dxc5 Qa5+ 5. Nc3 e6 6. a3 Qxc5 7. Nb5 Na6 8. b4 Qb6 9. Bd3 Bd7 10. Qe2 Be7 11. Nf3 0-0 12. 0-0 Rac8 13. Nfd4 Rfe8 14. Rfd1 Nb8 15. a4 Nc6 16. a5 Qd8 17. Nxc6 bxc6 18. Nd6 Bxd6 19. Bxd6 e5 20. Qd2 Bg4 21. Bc5 Bxd1 22. Qxd1 Qc7 23. Bf5 Rb8 24. Qe2 g6 25. Bh3 Ne4 26. g3 Nxc5 27. bxc5 Rb5 28. a6 Rxc5 29. Rb1 Rb8 30. Rc1 Qb6 31. Qf3 Kg7 32. Bf1 Qb2 33. Qd1 Qc3 34. Bd3 e4 35. Bf1 Rb2 36. h4 h5 37. Be2 Rxc2 38. Rxc2 Qxc2 39. Qd4+ f6 40. Qb4 Qc3 41. Qb7+ Kh6 42. Qb8 f5 43. Kg2 Qg7 44. Qb4 Rc2 45. Bd1 Ra2 46. Ba4 c5 47. Qxc5 Rxa4 48. Qc6 Ra2 49. Qc8 d4 50. exd4 Qxd4 51. Qf8+ Qg7 52. Qc5 Rxa6 53. Kh3 Rf6 54. Qc8 Kh7 55. Qa8 Rf7 56. Qd5 a6 57. Qc6 Ra7 58. Qa4 a5 59. Kg2 Qd7 60. Qa3 a4 61. g4 hxg4 62. h5 gxh5 63. Qe3 a3 64. Qg5 Qf7 65. Kg3 a2 66. f4 a1Q 0-1

[Event "PRO League Stage"]
[Site "Chess.com INT"]
[Date "2018.02.24"]
[Round "7"]
[White "Chen, Forest"]
[Black "Hemant, Sharma"]
[Result "0-1"]
[WhiteElo "2107"]
[BlackElo "2348"]
[PlyCount "100"]
[EventDate "2018.01.18"]
[EventType "team-swiss (rapid)"]
[EventRounds "9"]
[EventCountry "USA"]
[SourceTitle "EXT 2019"]
[Source "ChessBase"]
[SourceDate "2018.10.10"]
[SourceVersion "1"]
[SourceVersionDate "2018.10.10"]
[SourceQuality "1"]
[WhiteTeam "Saint Louis Arch Bishops"]
[BlackTeam "Delhi Dynamite"]
[WhiteTeamCountry "USA"]
[BlackTeamCountry "IND"]

1. d4 d5 2. c4 e6 3. Nf3 Nf6 4. g3 Bb4+ 5. Bd2 Bd6 6. Bg2 0-0 7. 0-0 c6 8. Qc2 h6 9. Nc3 Nbd7 10. e4 dxe4 11. Nxe4 Nxe4 12. Qxe4 Qe7 13. Bc3 Nf6 14. Qe2 Bd7 15. Ne5 Rfd8 16. Rab1 Be8 17. b4 Rac8 18. a4 b5 19. Qa2 bxc4 20. Qxc4 Nd5 21. Nd3 Nb6 22. Qa2 Bb8 23. Nc5 Nd5 24. Qc4 Nb6 25. Qb3 Nd5 26. Rfe1 Bd6 27. Qc4 Nb6 28. Qa6 Nd5 29. Ba1 Rb8 30. Qc4 Nb6 31. Qc2 Nd5 32. Bc3 a5 33. Bxd5 cxd5 34. b5 Bxc5 35. dxc5 Qxc5 36. Qb2 d4 37. Bxa5 Rd5 38. Bd2 Bd7 39. Rec1 Qd6 40. Qa2 e5 41. b6 Be6 42. a5 Rc5 43. Qa3 Rxc1+ 44. Bxc1 Qd5 45. a6 Bh3 46. f3 Qc4 47. Be3 Rxb6 48. Ra1 Qc2 49. Qa2 Rb1+ 50. Rxb1 Qxa2 0-1

[Event "PRO League Stage"]
[Site "Chess.com INT"]
[Date "2018.02.24"]
[Round "7"]
[White "Chen, Forest"]
[Black "Kjartansson, David"]
[Result "1-0"]
[WhiteElo "2107"]
[BlackElo "2409"]
[PlyCount "69"]
[EventDate "2018.01.18"]
[EventType "team-swiss (rapid)"]
[EventRounds "9"]
[EventCountry "USA"]
[SourceTitle "EXT 2019"]
[Source "ChessBase"]
[SourceDate "2018.10.10"]
[SourceVersion "1"]
[SourceVersionDate "2018.10.10"]
[SourceQuality "1"]
[WhiteTeam "Saint Louis Arch Bishops"]
[BlackTeam "Reykjavik Puffins"]
[WhiteTeamCountry "USA"]
[BlackTeamCountry "ISL"]

1. d4 d5 2. c4 dxc4 3. e4 Nf6 4. e5 Nd5 5. Bxc4 Nb6 6. Bb3 e6 7. Be3 Bd7 8. Nc3 Bc6 9. Nf3 a5 10. a3 a4 11. Ba2 Be7 12. 0-0 Nd5 13. Qe2 Qd7 14. Nd2 Na6 15. Nde4 h6 16. Rad1 0-0-0 17. Bc4 Nb8 18. Nb5 Rdf8 19. Na7+ Kd8 20. Nxc6+ bxc6 21. Rfe1 f5 22. exf6 gxf6 23. Nc5 Bxc5 24. dxc5 h5 25. Bd4 Ke7 26. Qe4 Kf7 27. Rd3 Qe7 28. Rf3 Nd7 29. Qh4 Rfg8 30. Bxd5 cxd5 31. c6 Rg4 32. Qh3 Rxd4 33. cxd7 f5 34. Qg3 Rd8 35. Rxf5+ 1-0

[Event "PRO League Stage"]
[Site "Chess.com INT"]
[Date "2018.02.24"]
[Round "7"]
[White "Manukian, Artak"]
[Black "Chen, Forest"]
[Result "1-0"]
[WhiteElo "2196"]
[BlackElo "2107"]
[PlyCount "105"]
[EventDate "2018.01.18"]
[EventType "team-swiss (rapid)"]
[EventRounds "9"]
[EventCountry "USA"]
[SourceTitle "EXT 2019"]
[Source "ChessBase"]
[SourceDate "2018.10.10"]
[SourceVersion "1"]
[SourceVersionDate "2018.10.10"]
[SourceQuality "1"]
[WhiteTeam "Armenia Eagles"]
[BlackTeam "Saint Louis Arch Bishops"]
[WhiteTeamCountry "ARM"]
[BlackTeamCountry "USA"]

1. e4 c6 2. d4 d5 3. e5 Bf5 4. c4 e6 5. Nc3 Ne7 6. Nf3 Nd7 7. Nh4 dxc4 8. Bxc4 Nb6 9. Bb3 h6 10. Nxf5 Nxf5 11. Be3 Be7 12. 0-0 a5 13. a3 0-0 14. Bc2 Bg5 15. Qd3 Bxe3 16. fxe3 Qg5 17. Rf3 Nd5 18. Ne4 Qg4 19. Nf2 Qg5 20. Nh3 Qh5 21. e4 Nh4 22. exd5 Nxf3+ 23. gxf3 g6 24. Nf2 cxd5 25. Qe3 Rac8 26. Bd3 Kg7 27. Ng4 Rc6 28. Nf6 Qh3 29. Rf1 Rfc8 30. Ng4 Qh4 31. Qf4 Qg5 32. Qf6+ Kg8 33. Rf2 Rc1+ 34. Kg2 Qxf6 35. exf6 h5 36. Ne5 Re1 37. Rd2 Rcc1 38. Bb5 Rg1+ 39. Kf2 Rg5 40. Bd3 h4 41. Ng4 Rh5 42. b4 Rh8 43. bxa5 Kh7 44. Rb2 Rc7 45. Ne5 Ra8 46. Rb5 Kh6 47. f4 g5 48. f5 exf5 49. Bxf5 Ra6 50. Rxd5 g4 51. Nxg4+ Kg5 52. Kf3 Rc3+ 53. Bd3# 1-0

[Event "PRO League Stage"]
[Site "Chess.com INT"]
[Date "2018.02.14"]
[Round "6"]
[White "Hua, Lefong"]
[Black "Chen, Forest"]
[Result "1-0"]
[WhiteElo "2305"]
[BlackElo "2107"]
[PlyCount "153"]
[EventDate "2018.01.18"]
[EventType "team-swiss (rapid)"]
[EventRounds "9"]
[EventCountry "USA"]
[SourceTitle "CBM 182 Extra"]
[Source "ChessBase"]
[SourceDate "2018.02.23"]
[SourceVersion "1"]
[SourceVersionDate "2018.02.23"]
[SourceQuality "1"]
[WhiteTeam "Montreal ChessBrahs"]
[BlackTeam "Saint Louis Arch Bishops"]
[WhiteTeamCountry "CAN"]
[BlackTeamCountry "USA"]

1. d4 d5 2. c4 e6 3. Nc3 Bb4 4. Nf3 Nf6 5. cxd5 exd5 6. Bg5 Nbd7 7. e3 c5 8. Bd3 Qa5 9. 0-0 0-0 10. dxc5 Bxc3 11. bxc3 Ne4 12. Bf4 Ndxc5 13. Be5 Bg4 14. Be2 Rfd8 15. h3 Bh5 16. Bd4 Nxc3 17. Bxc3 Qxc3 18. Rc1 Qa5 19. Qd4 Ne6 20. Qb2 b6 21. Rfd1 Rac8 22. Rxc8 Rxc8 23. Qe5 Bg6 24. Qxd5 Qxd5 25. Rxd5 Rc2 26. Nd4 Rd2 27. Bc4 Be4 28. Re5 Bd3 29. Bb3 Bb1 30. Nxe6 fxe6 31. a4 Ba2 32. Bxe6+ Bxe6 33. Rxe6 Ra2 34. Re4 Kf7 35. g4 a5 36. Rc4 Rb2 37. Kf1 Ke6 38. Ke1 Kd6 39. g5 Rb1+ 40. Ke2 Rb2+ 41. Ke1 Rb1+ 42. Ke2 Rb2+ 43. Kf3 g6 44. h4 Rb3 45. Ke4 Rb2 46. f3 Rh2 47. Kd3 Rb2 48. f4 Rh2 49. Rd4+ Ke6 50. Rd8 Ra2 51. Rb8 Ra3+ 52. Ke2 Rb3 53. Rb7 Rb4 54. Kd3 Rb3+ 55. Ke4 Rb4+ 56. Kf3 Rxa4 57. Rxb6+ Kf7 58. Ra6 Ra1 59. Ra7+ Kg8 60. Ke4 a4 61. Ke5 Kf8 62. e4 a3 63. f5 gxf5 64. exf5 a2 65. Kf6 Ke8 66. h5 Rh1 67. Rxa2 Rxh5 68. Ra8+ Kd7 69. Rh8 Rh1 70. g6 Ra1 71. Rxh7+ Ke8 72. Re7+ Kd8 73. Re6 Rg1 74. g7 Kd7 75. Re2 Rg4 76. Kf7 Rg5 77. f6 1-0

[Event "PRO League Stage"]
[Site "Chess.com INT"]
[Date "2018.01.31"]
[Round "3"]
[White "Chen, Forest"]
[Black "Iturrizaga Bonelli, Eduardo"]
[Result "0-1"]
[WhiteElo "2107"]
[BlackElo "2650"]
[PlyCount "72"]
[EventDate "2018.01.18"]
[EventType "team-swiss (rapid)"]
[EventRounds "9"]
[EventCountry "USA"]
[SourceTitle "CBM 182 Extra"]
[Source "ChessBase"]
[SourceDate "2018.02.23"]
[SourceVersion "1"]
[SourceVersionDate "2018.02.23"]
[SourceQuality "1"]
[WhiteTeam "Saint Louis Arch Bishops"]
[BlackTeam "Miami Champions"]
[WhiteTeamCountry "USA"]
[BlackTeamCountry "USA"]

1. d4 Nf6 2. c4 c5 3. d5 b5 4. cxb5 a6 5. bxa6 g6 6. Nc3 Bxa6 7. e4 Bxf1 8. Kxf1 d6 9. g3 Bg7 10. Kg2 0-0 11. Nf3 Nbd7 12. a4 Ra6 13. Qc2 Qa8 14. Rb1 Rc8 15. b3 Nb6 16. Be3 Ng4 17. Bg5 c4 18. b4 Nxa4 19. Ne2 h6 20. Bf4 Nb6 21. h3 Ra2 22. Qd1 c3 23. hxg4 c2 24. Qd3 cxb1Q 25. Rxb1 Rcc2 26. Nd2 Na4 27. Be3 Qc8 28. g5 h5 29. Rb3 Nb2 30. Qb5 Nd1 31. Bf4 Rxd2 32. Bxd2 Rxd2 33. Qc6 Qg4 34. Qe8+ Kh7 35. Rf3 Rxe2 36. Rxf7 Qxe4+ 0-1

[Event "PRO League Stage"]
[Site "Chess.com INT"]
[Date "2018.01.31"]
[Round "3"]
[White "Quesada Perez, Yuniesky"]
[Black "Chen, Forest"]
[Result "1-0"]
[WhiteElo "2627"]
[BlackElo "2107"]
[PlyCount "65"]
[EventDate "2018.01.18"]
[EventType "team-swiss (rapid)"]
[EventRounds "9"]
[EventCountry "USA"]
[SourceTitle "CBM 182 Extra"]
[Source "ChessBase"]
[SourceDate "2018.02.23"]
[SourceVersion "1"]
[SourceVersionDate "2018.02.23"]
[SourceQuality "1"]
[WhiteTeam "Miami Champions"]
[BlackTeam "Saint Louis Arch Bishops"]
[WhiteTeamCountry "USA"]
[BlackTeamCountry "USA"]

1. e4 c6 2. d4 d5 3. e5 Bf5 4. Nf3 e6 5. Be2 Nd7 6. 0-0 c5 7. c4 Ne7 8. Nc3 dxc4 9. Bxc4 Nb6 10. Bb5+ Nc6 11. Be3 c4 12. d5 Nxd5 13. Qa4 Rc8 14. Nd4 a6 15. Bxc6+ bxc6 16. Nxf5 exf5 17. Rad1 Qd7 18. Qxa6 Bb4 19. Nxd5 cxd5 20. Rxd5 Qc6 21. Qxc6+ Rxc6 22. Rb5 Be7 23. Rb8+ Bd8 24. Rd1 Ke7 25. g3 h6 26. Bd2 Ke6 27. Bc3 Ke7 28. Bb4+ Ke6 29. Rbxd8 Rxd8 30. Rxd8 Kxe5 31. Bc3+ Ke4 32. Bxg7 Kf3 33. Re8 1-0

[Event "PRO League Stage"]
[Site "Chess.com INT"]
[Date "2018.01.25"]
[Round "2"]
[White "Shimanov, Aleksandr"]
[Black "Chen, Forest"]
[Result "1-0"]
[WhiteElo "2641"]
[BlackElo "2107"]
[PlyCount "101"]
[EventDate "2018.01.18"]
[EventType "team-swiss (rapid)"]
[EventRounds "9"]
[EventCountry "USA"]
[SourceTitle "CBM 182 Extra"]
[Source "ChessBase"]
[SourceDate "2018.02.23"]
[SourceVersion "1"]
[SourceVersionDate "2018.02.23"]
[SourceQuality "1"]
[WhiteTeam "Webster Windmills"]
[BlackTeam "Saint Louis Arch Bishops"]
[WhiteTeamCountry "USA"]
[BlackTeamCountry "USA"]

1. d4 d5 2. Bg5 c5 3. c3 cxd4 4. cxd4 Nc6 5. Nc3 h6 6. Bh4 Qa5 7. e3 e6 8. a3 Nf6 9. Bxf6 gxf6 10. Bd3 a6 11. Nge2 Bd6 12. 0-0 Qc7 13. f4 f5 14. Rc1 0-0 15. Ng3 f6 16. Nh5 Qf7 17. Rf3 Kh8 18. Rh3 Rg8 19. Na4 Bd7 20. Nb6 Raf8 21. Nxf6 Qxf6 22. Nxd7 Qg7 23. Rc2 Qxd7 24. Rxh6+ Kg7 25. Qh5 Rf7 26. Qg6+ Kf8 27. Qxe6 Qxe6 28. Rxe6 Bb8 29. Rc5 Ne7 30. Be2 Rfg7 31. Bf3 Rg6 32. Rxg6 Rxg6 33. Kf2 Rh6 34. h3 Bd6 35. Rc3 Kf7 36. a4 b5 37. axb5 axb5 38. Rc1 Ke6 39. Ra1 Rh8 40. Ra5 b4 41. Ke2 Rc8 42. Kd1 Rh8 43. Kd2 Rc8 44. Rb5 Rh8 45. Kd3 Rc8 46. g4 Rh8 47. gxf5+ Kxf5 48. Bg4+ Kf6 49. Rb6 Rd8 50. h4 Nf5 51. h5 1-0

[Event "Titled Tuesday intern op 17th April"]
[Site "Chess.com INT"]
[Date "2017.11.07"]
[Round "2"]
[White "Chen, Forest"]
[Black "Mohammad, Nubairshah Shaikh"]
[Result "1/2-1/2"]
[WhiteElo "1983"]
[BlackElo "2532"]
[PlyCount "127"]
[EventDate "2017.04.17"]
[EventType "swiss (blitz)"]
[EventRounds "10"]
[EventCountry "USA"]
[SourceTitle "EXT 2021"]
[Source "ChessBase"]
[SourceDate "2020.10.23"]
[SourceVersion "1"]
[SourceVersionDate "2020.10.23"]
[SourceQuality "1"]

1. d4 d5 2. c4 c6 3. cxd5 cxd5 4. Bf4 Nc6 5. e3 Nf6 6. Nc3 Bf5 7. Qb3 Na5 8. Qa4+ Bd7 9. Qc2 Rc8 10. Bd3 e6 11. Nf3 Be7 12. h3 0-0 13. 0-0 b5 14. a3 Nc4 15. Qe2 Qb6 16. Ne5 Rfd8 17. Rfc1 Be8 18. g4 a5 19. Kg2 b4 20. axb4 axb4 21. Na4 Bxa4 22. Rxa4 Nxe5 23. Rxc8 Rxc8 24. Bxe5 Nd7 25. Bf4 Bd6 26. Bxd6 Qxd6 27. Qd2 Rb8 28. Qc2 h6 29. Ra6 Qf8 30. Ra7 Qd8 31. Qc6 Nf6 32. Qc5 g5 33. Ra5 Qb6 34. Rb5 Qxc5 35. Rxb8+ Qf8 36. Rxf8+ Kxf8 37. Kf1 h5 38. f3 Ke7 39. Ke2 hxg4 40. hxg4 Kd6 41. Kd2 Kc6 42. Kc2 Kb6 43. Kb3 Ka5 44. Bc2 Kb5 45. Bd3+ Ka5 46. Bc2 Nd7 47. Bh7 Nf6 48. Bd3 Ne8 49. Bh7 Kb5 50. Bd3+ Ka5 51. Bh7 Nd6 52. Bd3 f6 53. f4 Nf7 54. Bg6 Nh6 55. Bh5 Kb5 56. Be8+ Ka5 57. Bh5 Kb5 58. Be8+ Kb6 59. Bh5 Ka5 60. Kc2 Ka4 61. Be8+ Ka5 62. Bh5 Kb5 63. Kb3 Ka5 64. Kc2 1/2-1/2

[Event "Titled Tuesday intern op 17th April"]
[Site "Chess.com INT"]
[Date "2017.11.07"]
[Round "5"]
[White "Chen, Forest"]
[Black "Yoo, Christopher Woojin"]
[Result "0-1"]
[WhiteElo "1983"]
[BlackElo "2194"]
[PlyCount "204"]
[EventDate "2017.04.17"]
[EventType "swiss (blitz)"]
[EventRounds "10"]
[EventCountry "USA"]
[SourceTitle "EXT 2021"]
[Source "ChessBase"]
[SourceDate "2020.10.23"]
[SourceVersion "1"]
[SourceVersionDate "2020.10.23"]
[SourceQuality "1"]

1. d4 Nf6 2. Bg5 d5 3. Nd2 c5 4. e3 Nc6 5. c3 e6 6. Bd3 Be7 7. f4 0-0 8. Ngf3 Ng4 9. Bxe7 Qxe7 10. Qe2 f5 11. 0-0 Nf6 12. Ne5 Ne4 13. Nxe4 fxe4 14. Bc2 Nxe5 15. fxe5 Bd7 16. Qg4 cxd4 17. cxd4 Bb5 18. Rfc1 Rac8 19. Bb3 Rc6 20. Rxc6 Bxc6 21. Rc1 a5 22. Qg3 a4 23. Bd1 Qb4 24. Bg4 Bd7 25. Rc2 Rc8 26. Rxc8+ Bxc8 27. Qf2 a3 28. bxa3 Qxa3 29. h4 Qe7 30. Kh2 Bd7 31. Bh3 Bc6 32. Qf4 Bd7 33. Qg4 b5 34. g3 b4 35. Qe2 Qe8 36. Qa6 Qc8 37. Qb6 Qc2+ 38. Bg2 Qc8 39. Qxb4 Qa8 40. a3 Qa6 41. Qb8+ Kf7 42. Qc7 Qa4 43. Qc5 Qb3 44. Qd6 Qa4 45. g4 h6 46. h5 Qb5 47. Qb4 Qd3 48. Qb7 Ke7 49. Qb4+ Kf7 50. Qd6 Qb5 51. Qc7 Qa4 52. Qd8 Qb5 53. g5 hxg5 54. Qxg5 Qe2 55. Qg6+ Kf8 56. h6 gxh6 57. Qxh6+ Ke7 58. Qf6+ Ke8 59. Qh8+ Ke7 60. Qg7+ Ke8 61. Qg8+ Ke7 62. Qg5+ Ke8 63. Kg3 Qe1+ 64. Kg4 Qe2+ 65. Kh4 Qf2+ 66. Kh5 Qe2+ 67. Kh6 Qf2 68. Bh3 Qf8+ 69. Qg7 Qf3 70. Qg6+ Kd8 71. Qg5+ Kc7 72. Bg4 Qg3 73. Kg6 Qg2 74. Kf7 Qf2+ 75. Ke7 Qg3 76. Kf7 Qg1 77. Qg6 Qxe3 78. Bxe6 Bxe6+ 79. Kxe6 Qxd4 80. Qg7+ Kb6 81. Qd7 e3 82. Qd6+ Kb5 83. Kd7 e2 84. e6 e1Q 85. e7 Qg4+ 86. Kd8 Qg8+ 87. Kd7 Qg4+ 88. Kd8 Qge4 89. Qd7+ Kc4 90. a4 d4 91. Qc7+ Kb3 92. Qb6+ Kxa4 93. Qa6+ Qa5+ 94. Qxa5+ Kxa5 95. e8Q Qxe8+ 96. Kxe8 d3 97. Kd7 d2 98. Kc6 d1Q 99. Kb7 Qd6 100. Ka8 Qd7 101. Kb8 Kb6 102. Ka8 Qc8# 0-1